Normal view
MARC view
- QUALITY CONTROL-STATISTICAL METHOD
Entry Topical Term
001 - CONTROL NUMBER
- control field: 75795
003 - CONTROL NUMBER IDENTIFIER
- control field: NUST
005 - DATE AND TIME OF LATEST TRANSACTION
- control field: 20210628205508.0
008 - FIXED-LENGTH DATA ELEMENTS
- fixed length control field: 210628|| aca||aabn | a|a d
040 ## - CATALOGING SOURCE
- Original cataloging agency: NUST
- Transcribing agency: NUST
150 ## - HEADING--TOPICAL TERM
- Topical term or geographic name entry element: QUALITY CONTROL-STATISTICAL METHOD
670 ## - SOURCE DATA FOUND
- Source citation: Work cat.: (NUST): Gitlow, Howard Oppenheim, Rosagitlow, Shelly 75794, Tools and methods for the improvement of quality, 1989
